• 首页
  • 本馆介绍
  • 公告通知
  • 最新文献
  • 馆藏检索
  • 电子资源
  • 读者导购
  • 参考咨询
  • 我的图书馆
  • 登录
  • 详细信息显示
  • 放入我的书架
  • 预约/预借图书
  • 作者相关作品
  • 分类相关作品
  • 丛书相关作品
  • 出版社相关作品

书目信息

  • 表格格式
  • 工作单格式
  • 卡片格式
题名:
数字通信技术与应用
    
 
作者: 毛京丽 , 董跃武 编著
分册:  
出版信息: 北京   人民邮电出版社  2020.12
页数: 233页
开本: 26cm
丛书名:
单 册:
中图分类: TN914.3
科图分类:
主题词: 数字通信--高等学校--教材
电子资源:
ISBN: 978-7-115-44654-1
000 00997nam0 2200253 45
001 012001002963
005 20141010145836.0
010    @a978-7-115-44654-1@dCNY45.00
100    @a20170516d2017 em y0chiy50 ea
101 0  @achi
102    @aCN@b110000
105    @ay z 000yy
106    @ar
200 1  @a数字通信技术与应用@Ashu zi tong xin ji shu yu ying yong@f毛京丽,董跃武编著
210    @a北京@c人民邮电出版社@d2020.12
215    @a233页@d26cm
300    @a普通高等学校 电类规划教材 电子信息与通信工程
330    @a本书共分6章,在简要介绍了数字通信系统基本概念的基础上,详细论述了数字终端编码技术——语音信号数字化(包括脉冲编码调制PCM及语音信号压缩编码)、时分多路复用及PCM30/32路系统、数字信号复接技术——PDH和SDH、数字信号传输技术等,最后探讨了SDH网络技术与应用。
606 0  @a数字通信@x高等学校@j教材
690    @aTN914.3@v5
701  0 @a毛京丽@Amao jing li@4编著
701  0 @a董跃武@Adong yue wu@4编著
801  2 @aCN@bBJSDL@c20211018
905    @b1350989-92@dTN914.3@e261@f4
    
    数字通信技术与应用/毛京丽,董跃武编著.-北京:人民邮电出版社,2020.12
    233页;26cm
    普通高等学校 电类规划教材 电子信息与通信工程
    
    ISBN 978-7-115-44654-1:CNY45.00
    本书共分6章,在简要介绍了数字通信系统基本概念的基础上,详细论述了数字终端编码技术——语音信号数字化(包括脉冲编码调制PCM及语音信号压缩编码)、时分多路复用及PCM30/32路系统、数字信号复接技术——PDH和SDH、数字信号传输技术等,最后探讨了SDH网络技术与应用。
●
相关链接 在E读中查询图书 在五车中查询图书 在当当中查询图书 在豆瓣中查询图书


正题名:数字通信技术与应用     索取号:TN914.3/261         预约/预借

序号 登录号 条形码 馆藏地/架位号 状态 备注
1 1350989   213509899   第二样本阅览室/ [索取号:TN914.3/261] 在馆    
2 1350990   213509906   第三借阅区/ [索取号:TN914.3/261] 在馆    
3 1350991   213509915   第三借阅区/ [索取号:TN914.3/261] 在馆    
4 1350992   213509924   第三借阅区/ [索取号:TN914.3/261] 在馆    
唐山师范学院图书馆 欢迎您!
大连网信软件有限公司© 版权所有